00360nam a2200145Ia 4500003000400000005001700004008004100021020001900062040002900081100001700110245004000127260002600167260000900193546001200202OSt20240624124906.0170619s9999 xx 000 0 und d a978-0070091535 cIIMT ENGINEERING COLLEGE aChary- S. N. 0aProduction and operation management bNew Delhi McGraw Hill c2004 aENGLISH